Major Rivers Sourced on the Tibetan Plateau - Statistics

General Stats
  • This quiz has been taken 159 times
  • The average score is 5 of 8
Answer Stats
Length River % Correct
4,667 Yellow
92%
6,380 Yangtze
89%
4,023 Mekong
84%
2,510 Ganges
82%
3,180 Indus
75%
2,948 Tsangpo-Brahmaputra
55%
2,170 Irrawaddy
24%
3,060 Salween
24%
No matching quizzes found
Score Distribution
Percent of People with Each Score
Percentile by Number Answered
Your Score History
You have not taken this quiz